000 00298nam a2200121Ia 4500
008 190216s9999||||xx |||||||||||||| ||und||
100 _aAbdul Al Ala Maududi
245 0 _aKathumunnubuvvathu
260 _bIslamic Publishing House
_c1966
300 _a86p
650 _aIslamic History
942 _cBK
999 _c21960
_d21960